| 000 | 00835nas a2200277 4500 | ||
|---|---|---|---|
| 001 | BR9200142 | ||
| 003 | BR-BrBNA | ||
| 005 | 20231205092222.0 | ||
| 007 | ta | ||
| 008 | 230509b bl.|||p| |||| 00| 00por d | ||
| 040 |
_aBR-BrBNA _bpor _cBiblioteca Nacional de Agricultura |
||
| 041 | _a(Pt) | ||
| 072 | _aF01; H10 | ||
| 100 | 1 | _aPaulini, A.E. | |
| 100 | 1 | _aFerreira, A.J. | |
| 245 | 1 | _aSelecao de inseticidas para controle a broca do cafe - Hypothenemus hampei - (Ferrari, 1867)em lavoura de cafe conilon | |
| 650 | _aCAFE ROBUSTA | ||
| 650 | _aBROCA | ||
| 650 | _aINSETICIDA | ||
| 650 | _aLAVOURA | ||
| 650 | _aCONTROLE QUIMICO | ||
| 650 | _aESPIRITO SANTO | ||
| 773 | 0 |
_tCafeicultura Moderna (Brazil) _x _g(Mar-Jun 1989), v. 2(6) p. 5-6 _wBR9200142 |
|
| 909 |
_a202311 _bLúcia _c55 _dLúcia Elande |
||
| 942 |
_2AGRIS _n0 _cANA |
||
| 999 |
_c130170 _d130170 |
||